| 000 | 00354nam a22001217a 4500 | ||
|---|---|---|---|
| 999 |
_c519297 _d519297 |
||
| 082 | _aPKP A72 V212me | ||
| 100 |
_aRavi and Vajiram _930126 |
||
| 245 |
_aGeneral studies _bMedieval India _cby Vajiram and Ravi |
||
| 260 |
_aNew Delhi _bVajiram and Ravi _c2022 |
||
| 300 | _a98p. | ||
| 650 |
_aGeneral studies _930127 |
||
| 650 |
_aIndia - History _930128 |
||